The Walking Dead Character Names - Statistics

General Stats
  • This quiz has been taken 406 times
  • The average score is 50 of 159
Answer Stats
Answer % Correct
Season 1+ Rick
100%
Season 1+ Carl
97%
Season 1-3 Lori
96%
Season 1-2 Shane
95%
Season 1+ Carol
90%
Season 1+ Daryl
90%
Season 2+ Maggie
90%
Season 2-5 Beth
89%
Season 1-7 Glenn
89%
Season 2-4 Hershel
86%
Season 1-3 Andrea
85%
Season 1-2 Dale
83%
Season 1 Ed
83%
Season 1-3 Merle
81%
Season 1 Amy
80%
Season 1-3 T-Dog
80%
Season 7+ Negan
79%
Season 3-7 Sasha
78%
Season 4-7 Abraham
77%
Season 1 Jim
77%
Season 1-2 Sophia
76%
Season 3+ Michonne
74%
Season 3-5 Tyreese
72%
Season 4+ Rosita
70%
Season 4+ Tara
70%
Season 3+ Judith
68%
Season 1+ Morgan
67%
Season 2 Otis
66%
Season 4+ Eugene
65%
Season 1 Jacqui
64%
Season 4-5 | Season 5 Bob
62%
Season 2 Patricia
61%
Season 2 Jimmy
58%
Season 1-? Morales
58%
Season 6+ Dwight
57%
Season 5-6 Deanna
56%
Season 5-7 Spencer
56%
Season 6+ Enid
55%
Season 5+ Aaron
53%
Season 6 Ron
53%
Season 6 Sam
53%
Season 6 Jessie
52%
Season 3-4 The Governor
51%
Season 1-3 Duane
49%
Season 4-5 Lizzie
47%
Season 3 Axel
46%
Season 5 Noah
46%
Season 5 Gareth
45%
Season 5 Martin
43%
Season 4-5 Mika
43%
Season 3 Milton
43%
Season 3-4 | Season 5 Pete
43%
Season 2 Randall
42%
Season 3 Oscar
40%
Season 5 Reg
40%
Season 3-4 Karen
39%
Season 4 | Season 5 Greg
38%
Season 4 Lilly
38%
Season 5 Aiden
36%
Season 3-4 Martinez
36%
Season 3-4 | Season 4 | Season 6 | Season 7 David
34%
Season 5 Dawn
34%
Season 6 Denise
34%
Season 4 Patrick
32%
Season 3 Tomas
31%
Season 6-7 Olivia
30%
Season 3 Andrew
29%
Season 3 Big Tiny
29%
Season 5-6 Nicholas
28%
Season 3 | Season 7-? Ben
27%
Season 4 Meghan
27%
Season 4 Henry
26%
Season 2 Dave
25%
Season 5 Mary
24%
Season 2 | Season 4 Tony
23%
Season 4 Zach
22%
Season 4 Joe
21%
Season 5+ Heath
19%
Season 4 Alex
18%
Season 3-4 Shumpert
17%
Season 3 Donna
14%
Season 1 Dr. Edwin Jenner
13%
Season 1-? Guillermo
13%
Season 3-4 Mitch
12%
Season 4 Ryan
11%
Season 7 Benjamin
10%
Season 5 Mike
10%
Season 4 Lou
9%
Season 4 Luke
9%
Season 7 King Ezekiel
8%
Season 4 Len
8%
Season 4 Dan
7%
Season 6 Eastman
7%
Season 1-? Felipe
7%
Season 5 Gavin
7%
Season 4 | Season 6 Owen
7%
Season 3 | Season 6 | Season 7 Richard
7%
Season 6 Carter
6%
Season 4+ Gabreil
6%
Season 6 Michael
5%
Season 4 Thomas
5%
Season 4 Billy
4%
Season 6 Molly
4%
Season 4 | Season 6 Annie
3%
Season 7 Chris
3%
Season 5 Gorman
3%
Season 6 Paula
3%
Season 5 Albert
2%
Season 6 Ethan
2%
Season 7 George
2%
Season 4 Harley
2%
Season 7 Joey
2%
Season 6+ Paul/Jesus
2%
Season 6 Alfeds
1%
Season 6 Aron
1%
Season 6 Barns
1%
Season 6 Betcy
1%
Season 6 Bud
1%
Season 4 Charlie
1%
Season 4 Chloe
1%
Season 5 Donald
1%
Season 6 Donny
1%
Season 4 Dr. Calob
1%
Season 7 Emit
1%
Season 7 Ezebel
1%
Season 3 Garchullio
1%
Season 7 Gordan
1%
Season 5 Jeffery
1%
Season 6 Jero
1%
Season 5 Jone
1%
Season 4 Jullio
1%
Season 6 Michelle
1%
Season 6 Miles
1%
Season 6 Neel
1%
Season 4 Noris
1%
Season 6 Roman
1%
Season 6 Sally
1%
Season 6 Stacy
1%
Season 6 Stergus
1%
Season 5 Tarisa
1%
Season 6 Tommy
1%
Season 3 Waren
1%
Season 4 Aleasha
0%
Season 4 Christopher
0%
Season 3 Michael Colman
0%
Season 4 Mr. Jacobson
0%
No matching quizzes found
Score Distribution
Percent of People with Each Score
Percentile by Number Answered
Your Score History
You have not taken this quiz